Library Logo

Pioneer International University Library Catalogue

KIELEZI CHA TUNGO (Record no. 9555)

MARC details
000 -LEADER
fixed length control field 00337nam a22001337a 4500
005 - DATE AND TIME OF LATEST TRANSACTION
control field 20250901165819.0
008 - FIXED-LENGTH DATA ELEMENTS--GENERAL INFORMATION
fixed length control field 250408b |||||||| |||| 00| 0 eng d
020 ## - INTERNATIONAL STANDARD BOOK NUMBER
International Standard Book Number 9789966010964
050 ## - LIBRARY OF CONGRESS CALL NUMBER
Classification number PL 8704 .A74 2007
245 ## - TITLE STATEMENT
Title KIELEZI CHA TUNGO
Statement of responsibility, etc. AREGE TIMOTHY
260 ## - PUBLICATION, DISTRIBUTION, ETC.
Place of publication, distribution, etc. NAIROBI
Name of publisher, distributor, etc. ENGLISH PRESS LTD
Date of publication, distribution, etc. 2007
300 ## - PHYSICAL DESCRIPTION
Extent 309
942 ## - ADDED ENTRY ELEMENTS (KOHA)
Source of classification or shelving scheme Library of Congress Classification
Holdings
Withdrawn status Lost status Source of classification or shelving scheme Damaged status Not for loan Collection Home library Current library Shelving location Date acquired Source of acquisition Total checkouts Full call number Barcode Date last seen Price effective from Koha item type
    Library of Congress Classification       Main Library Main Library   04/08/2025 DONATION FROM KICD   PL 8704 .A74 2007 PIUD0000648 04/08/2025 04/08/2025 Books